[Event "Eliteserien 2017 - 18"]
[Site "Stavanger og Oslo"]
[Date "2017.11.03"]
[Round "3"]
[White "Merkesvik, Sondre"]
[Black "Aulin-Jansson, Jøran"]
[Result "0-1"]
[WhiteElo "2210"]
[BlackElo "2270"]
[PlyCount "96"]
[EventDate "2017.??.??"]

1. d4 Nf6 2. g3 d5 3. Bg2 c6 4. c4 Bf5 5. Nc3 e6 6. Nf3 h6 7. O-O Be7 8. b3 O-O
9. Bb2 Nbd7 10. Re1 Ne4 11. Nd2 Ndf6 12. Ndxe4 Nxe4 13. Nxe4 Bxe4 14. Bxe4 dxe4
15. e3 Qa5 16. Qg4 f5 17. Qe2 Bf6 18. a3 Rf7 19. b4 Qa4 20. Rec1 Rc8 21. Qc2
Qxc2 22. Rxc2 g5 23. a4 g4 24. c5 h5 25. b5 h4 26. Kf1 Rh7 27. Ke2 Kf7 28. Bc3
Kg6 29. Rb2 b6 30. cxb6 cxb5 31. Rxb5 axb6 32. Kd2 hxg3 33. hxg3 Rh2 34. Rf1
Bd8 35. a5 Bc7 36. axb6 Bxg3 37. b7 Rb8 38. Ba5 Bxf2 39. Rxf2 Rxf2+ 40. Kd1 Ra2
41. Bc7 Rh8 42. Bg3 Rh1+ 43. Be1 Ra1+ 44. Kd2 Rh2+ 45. Kc3 Rc1+ 46. Kb4 Rb2+
47. Ka5 Rxb5+ 48. Kxb5 Rxe1
0-1

[Event "Eliteserien 2017 - 18"]
[Site "Stavanger og Oslo"]
[Date "2017.11.03"]
[Round "3"]
[White "Bern, Ivar"]
[Black "Østmoe, Geir Sune Tallaksen"]
[Result "1/2-1/2"]
[WhiteElo "2317"]
[BlackElo "2464"]
[PlyCount "79"]
[EventDate "2017.??.??"]

1. d4 Nf6 2. Bf4 g6 3. e3 Bg7 4. Nf3 O-O 5. Be2 c5 6. Nbd2 b6 7. c3 Bb7 8. O-O
d5 9. a4 Nfd7 10. a5 bxa5 11. Qa4 Nc6 12. Nb3 f6 13. Nxa5 Nxa5 14. Qxa5 e5 15.
Bg3 Qc8 16. Rfc1 Re8 17. dxe5 fxe5 18. e4 Nb6 19. Bb5 dxe4 20. Nd2 e3 21. Nc4
exf2+ 22. Bxf2 Qe6 23. Ne3 Rf8 24. Qa2 Qxa2 25. Rxa2 a6 26. Be2 Bh6 27. Bg4 Nd5
28. Be6+ Kh8 29. Bxd5 Bxd5 30. Ra5 Rab8 31. b4 Bc4 32. Re1 Bxe3 33. Bxe3 cxb4
34. cxb4 Bb5 35. Bc5 Rf7 36. Raa1 Re8 37. Rxe5 Rxe5 38. Bd4 Rd7 39. Bxe5+ Kg8
40. Bc3
1/2-1/2

[Event "Eliteserien 2017 - 18"]
[Site "Stavanger og Oslo"]
[Date "2017.11.03"]
[Round "3"]
[White "Haubro, Martin"]
[Black "Haldorsen, Benjamin"]
[Result "0-1"]
[WhiteElo "2297"]
[BlackElo "2409"]
[PlyCount "124"]
[EventDate "2017.??.??"]

1. e4 e5 2. Nf3 Nc6 3. Bb5 Nge7 4. c3 g6 5. O-O Bg7 6. d4 exd4 7. cxd4 a6 8.
Bc4 b5 9. Bb3 O-O 10. Nc3 d6 11. h3 Na5 12. Bc2 c5 13. Bf4 cxd4 14. Nxd4 Bb7
15. a4 b4 16. Nce2 Re8 17. Qd2 Qb6 18. b3 Nac6 19. Be3 Qa5 20. Rad1 d5 21. Nxc6
Bxc6 22. Bd4 dxe4 23. Bxg7 Kxg7 24. Bxe4 Bxe4 25. Qd4+ Kg8 26. Qxe4 Nf5 27. Qf3
Rad8 28. Rxd8 Qxd8 29. Nc1 Nd4 30. Qd3 Ne2+ 31. Kh1 Nf4 32. Qf3 Qd2 33. Kh2 Rd8
34. Qb7 a5 35. Qc7 Rd5 36. Qc4 h5 37. Qe4 Rc5 38. g3 Rxc1 39. Rxc1 Qxf2+ 40.
Kh1 Ne2 41. Rc8+ Kh7 42. Qg2 Nxg3+ 43. Kh2 Nf1+ 44. Kh1 Qf5 45. Re8 h4 46. Qb2
Ng3+ 47. Kh2 f6 48. Qg2 Qd7 49. Rb8 Qd6 50. Qb7+ Kh6 51. Rh8+ Kg5 52. Qg2 Qd1
53. Qg1 Qd2+ 54. Qg2 Qd3 55. Qf2 f5 56. Re8 f4 57. Re5+ Nf5 58. Rxa5 Qxb3 59.
Ra8 Qg3+ 60. Qxg3+ hxg3+ 61. Kg1 f3 62. Re8 b3
0-1

[Event "Eliteserien 2017 - 18"]
[Site "Stavanger og Oslo"]
[Date "2017.11.03"]
[Round "3"]
[White "Tisdall, Jonathan"]
[Black "Gullaksen, Eirik"]
[Result "1/2-1/2"]
[WhiteElo "2408"]
[BlackElo "2353"]
[PlyCount "77"]
[EventDate "2017.??.??"]

1. d4 Nf6 2. c4 g6 3. Nc3 Bg7 4. e4 O-O 5. Nf3 d6 6. h3 Na6 7. Bg5 e5 8. d5 Qe8
9. g4 Nd7 10. Be2 Ndc5 11. Rg1 Kh8 12. Qd2 Bd7 13. O-O-O f6 14. Be3 Qe7 15. h4
f5 16. Bg5 Qf7 17. gxf5 gxf5 18. Bh6 Bxh6 19. Qxh6 Qf6 20. Qxf6+ Rxf6 21. exf5
Bxf5 22. Rd2 Rg8 23. Rxg8+ Kxg8 24. b3 Bg4 25. Ng5 Bxe2 26. Rxe2 h6 27. Nge4
Nxe4 28. Nxe4 Rf4 29. h5 b6 30. Kd2 Nc5 31. Ng3 Rf3 32. Ke1 a5 33. Re3 Nd3+ 34.
Kd2 Rxe3 35. fxe3 Nc5 36. Kc3 Kf7 37. Nf5 Ne4+ 38. Kc2 Nf6 39. Nxh6+
1/2-1/2

[Event "Eliteserien 2017 - 18"]
[Site "Stavanger og Oslo"]
[Date "2017.11.03"]
[Round "3"]
[White "Hammerstad, Åsmund"]
[Black "Muhseen, Abdullah Mohammed"]
[Result "1-0"]
[WhiteElo "2199"]
[BlackElo "2197"]
[PlyCount "79"]
[EventDate "2017.??.??"]

1. d4 Nf6 2. c4 e6 3. Nf3 b6 4. g3 Ba6 5. Qb3 Nc6 6. Bd2 Bb7 7. d5 Nb8 8. Nc3
Na6 9. e4 Bb4 10. Qc2 Qe7 11. O-O-O e5 12. h4 Nc5 13. h5 d6 14. Re1 Bc8 15. h6
gxh6 16. Nh4 h5 17. f4 Rg8 18. a3 Bxc3 19. Bxc3 Rxg3 20. fxe5 dxe5 21. Nf5 Bxf5
22. exf5 Nfd7 23. Rxh5 f6 24. Rd1 O-O-O 25. Be1 Rg7 26. d6 cxd6 27. b4 Nb7 28.
Bg2 Kb8 29. Qe4 Nf8 30. Bh4 Rxg2 31. Qxg2 Qf7 32. Qe2 Rc8 33. Kb2 Rxc4 34. Rh6
Rf4 35. Rxf6 Qg7 36. Qh5 Nd7 37. Qe8+ Kc7 38. Rc1+ Nbc5 39. bxc5 Rxh4 40. cxd6+
1-0

[Event "Eliteserien 2017 - 18"]
[Site "Stavanger og Oslo"]
[Date "2017.11.03"]
[Round "3"]
[White "Fossan, Benjamin"]
[Black "Hagen, Anders G"]
[Result "1-0"]
[WhiteElo "1916"]
[BlackElo "2219"]
[PlyCount "83"]
[EventDate "2017.??.??"]

1. e4 e5 2. Nf3 Nc6 3. Bc4 Nf6 4. d3 Be7 5. O-O O-O 6. c3 d6 7. Bb3 Na5 8. Bc2
c5 9. Nbd2 Nc6 10. Re1 Re8 11. Nf1 h6 12. Ng3 Bf8 13. h3 a6 14. d4 Qc7 15. Be3
Bd7 16. Rc1 Rad8 17. Qd2 Bc8 18. d5 Ne7 19. c4 Kh7 20. b4 b6 21. a4 a5 22. bxa5
bxa5 23. Qc3 Bd7 24. Bd2 Ra8 25. Rb1 Ra7 26. Rb2 g6 27. Reb1 Rea8 28. Qd3 Kg7
29. Bc3 Nc8 30. Nd2 Qd8 31. Qe3 Nh7 32. f4 f6 33. Qf2 Qe8 34. fxe5 fxe5 35. Rf1
Bxa4 36. Bxa4 Qxa4 37. Rb5 Re7 38. Qe2 Qc2 39. Qe3 Na7 40. Rxa5 Rb8 41. Rfa1
Nc8 42. R5a2
1-0

[Event "Eliteserien 2017 - 18"]
[Site "Stavanger og Oslo"]
[Date "2017.11.03"]
[Round "3"]
[White "Elsness, Frode"]
[Black "Fossan, Erik"]
[Result "1-0"]
[WhiteElo "2477"]
[BlackElo "2342"]
[PlyCount "65"]
[EventDate "2017.??.??"]

1. d4 Nf6 2. c4 e6 3. Nf3 Bb4+ 4. Nbd2 O-O 5. a3 Be7 6. e4 d5 7. e5 Nfd7 8. Bd3
c5 9. Qc2 h6 10. O-O Nc6 11. Nb3 b6 12. Rd1 Bb7 13. Bf4 Nxd4 14. Nbxd4 cxd4 15.
cxd5 Bxd5 16. Nxd4 Bg5 17. Bg3 Bh4 18. f4 Bxg3 19. hxg3 Rc8 20. Qe2 Qe7 21. Nb5
Nc5 22. Nd6 Rcd8 23. Rac1 Nxd3 24. Rxd3 f6 25. Rxd5 exd5 26. Nf5 Qb7 27. e6
Rfe8 28. e7 Rd7 29. Re1 Qc6 30. Kh2 g6 31. Nd4 Qd6 32. Qg4 f5 33. Nxf5
1-0

[Event "Eliteserien 2017 - 18"]
[Site "Stavanger og Oslo"]
[Date "2017.11.03"]
[Round "3"]
[White "Fossan, Petter"]
[Black "Urkedal, Frode Olav Olsen"]
[Result "0-1"]
[WhiteElo "2304"]
[BlackElo "2571"]
[PlyCount "70"]
[EventDate "2017.??.??"]

1. e4 e5 2. Nf3 Nc6 3. Bc4 Bc5 4. c3 Nf6 5. d3 d6 6. a4 a5 7. O-O O-O 8. Na3
Ne7 9. Bg5 Ng6 10. Nh4 Nxh4 11. Bxh4 h6 12. Nc2 Be6 13. Ba2 Bxa2 14. Rxa2 Qe7
15. Ra1 Qe6 16. Ne3 Bxe3 17. Bxf6 Bb6 18. Bh4 f5 19. exf5 Rxf5 20. Kh1 g5 21.
Bg3 Raf8 22. Qg4 Qf7 23. Qe4 h5 24. f3 g4 25. Qxb7 d5 26. c4 gxf3 27. Qxd5 Qxd5
28. cxd5 f2 29. Rac1 Rd8 30. Rc2 Rxd5 31. Bxf2 Rxd3 32. Kg1 Rxf2 33. Rcxf2 Rd2
34. b3 h4 35. h3 Bd4
0-1

[Event "Eliteserien 2017 - 18"]
[Site "Stavanger og Oslo"]
[Date "2017.11.03"]
[Round "3"]
[White "Nilsen, Joachim B."]
[Black "Tallaksen, Levi André"]
[Result "0-1"]
[WhiteElo "2416"]
[BlackElo "2276"]
[PlyCount "84"]
[EventDate "2017.??.??"]

1. c4 e5 2. g3 f5 3. Bg2 Nf6 4. Nc3 g6 5. e3 d6 6. Nge2 Bg7 7. O-O O-O 8. d3 a5
9. Rb1 c6 10. d4 Be6 11. b3 Qc7 12. Ba3 Rd8 13. d5 cxd5 14. Nxd5 Qf7 15. Nec3
e4 16. Nf4 Nc6 17. Nb5 Ne8 18. Bb2 d5 19. Bxg7 Nxg7 20. c5 Qe7 21. a3 Bf7 22.
b4 g5 23. Ne2 Ne5 24. Ned4 f4 25. exf4 gxf4 26. f3 e3 27. Ne2 d4 28. gxf4 Nc4
29. Nexd4 Nd2 30. Re1 Nxb1 31. Qxb1 Qf6 32. Qe4 Re8 33. Qxb7 Qh4 34. Nc2 Qf2+
35. Kh1 Qxc2 36. Nd6 Bg6 37. Qd5+ Kh8 38. Nxe8 Rxe8 39. Bf1 e2 40. Rxe2 Rxe2
41. Bxe2 Qxe2 42. Kg1 Nf5
0-1

[Event "Eliteserien 2017 - 18"]
[Site "Stavanger og Oslo"]
[Date "2017.11.03"]
[Round "3"]
[White "Strand, Håkon"]
[Black "Risting, Eivind Olav"]
[Result "1/2-1/2"]
[WhiteElo "2179"]
[BlackElo "2308"]
[PlyCount "95"]
[EventDate "2017.??.??"]

1. e4 c6 2. d4 d5 3. f3 e6 4. Nc3 Bb4 5. Be2 Nf6 6. e5 Nfd7 7. f4 O-O 8. Nf3 b6
9. O-O Be7 10. a3 a5 11. Be3 Ba6 12. Qd2 c5 13. f5 Bxe2 14. Nxe2 exf5 15. dxc5
Bxc5 16. Bxc5 Nxc5 17. Nf4 Nc6 18. Nxd5 Re8 19. Rad1 Nxe5 20. Qf4 Nxf3+ 21.
gxf3 Ne6 22. Qxf5 Qh4 23. Qg4 Qh6 24. f4 Rac8 25. c3 b5 26. Rd3 Qg6 27. Rg3
Qxg4 28. Rxg4 Kf8 29. f5 Nc5 30. f6 g6 31. Rd4 Ne6 32. Rd2 Red8 33. Rfd1 Ng5
34. Kg2 Rd6 35. Nb6 Rxd2+ 36. Rxd2 Re8 37. Nd7+ Kg8 38. h4 Ne6 39. Kf3 h6 40.
Rd5 Rd8 41. Nb6 Rxd5 42. Nxd5 Kh7 43. Ke4 a4 44. Ke5 h5 45. Ne7 Kh6 46. Ng8+
Kh7 47. Ne7 Kh6 48. Ng8+
1/2-1/2

[Event "Eliteserien 2017 - 18"]
[Site "Stavanger og Oslo"]
[Date "2017.11.03"]
[Round "3"]
[White "Ranaldi, Lucas"]
[Black "Kizatbay, Abyl"]
[Result "1-0"]
[WhiteElo "2277"]
[BlackElo "2145"]
[PlyCount "65"]
[EventDate "2017.??.??"]

1. Nf3 Nf6 2. c4 g6 3. Nc3 d5 4. Qa4+ Nbd7 5. cxd5 Bg7 6. e4 O-O 7. Be2 Nb6 8.
Qc2 e6 9. dxe6 Bxe6 10. d4 Re8 11. h3 c5 12. d5 Bd7 13. Bg5 h6 14. Be3 Rc8 15.
Nd2 Nh7 16. a4 f5 17. a5 Na8 18. Nc4 Qe7 19. e5 g5 20. e6 Bxe6 21. dxe6 f4 22.
Bd2 Qxe6 23. O-O Nf8 24. Rfe1 Nc7 25. Na3 Qd7 26. Bg4 Nce6 27. Rad1 Qf7 28.
Nab5 Nd4 29. Qa4 Rxe1+ 30. Bxe1 Rd8 31. Qa2 c4 32. Nxd4 Bxd4 33. Nb5
1-0

[Event "Eliteserien 2017 - 18"]
[Site "Stavanger og Oslo"]
[Date "2017.11.03"]
[Round "1"]
[White "Notkevich, Benjamin Arvola"]
[Black "Blomqvist, Erik"]
[Result "0-1"]
[WhiteElo "2455"]
[BlackElo "2503"]
[PlyCount "132"]
[EventDate "2017.??.??"]

1. d4 d5 2. c4 e6 3. Nc3 Nf6 4. Nf3 Be7 5. Bg5 h6 6. Bh4 O-O 7. e3 b6 8. cxd5
Nxd5 9. Bxe7 Qxe7 10. Rc1 Bb7 11. Bd3 Rc8 12. O-O c5 13. Ne5 Nf6 14. Qa4 cxd4
15. exd4 Nc6 16. Ba6 Bxa6 17. Qxa6 Nb4 18. Qa4 Nfd5 19. Ne4 f6 20. Ng6 Qe8 21.
Qxe8+ Rxe8 22. a3 Nd3 23. Rc2 Kh7 24. Nh4 Red8 25. g3 Rac8 26. Rd2 Nc1 27. Nf3
Nb3 28. Rd3 Na5 29. Re1 Nc4 30. Re2 Rc6 31. b4 Kg8 32. b5 Rc7 33. Nc3 Kf7 34.
Nxd5 exd5 35. a4 Nd6 36. Nd2 Rc2 37. Kf1 Ra2 38. Rc3 Rd7 39. Nf3 Rxa4 40. Rb2
Ra5 41. Rcb3 Rc7 42. Ke2 Rc1 43. Ne1 Nc4 44. Rc2 Rca1 45. Nd3 g5 46. Nc1 Nd6
47. Rc7+ Kg6 48. Rc6 Nxb5 49. Ke3 R5a3 50. Rxa3 Nxa3 51. Nd3 Nc4+ 52. Ke2 Kf5
53. h3 Ke4 54. Nb4 Rb1 55. Nc2 Rb2 56. f3+ Kf5 57. g4+ Kg6 58. Kd3 a5 59. Ne1
b5 60. Rc5 Rd2+ 61. Kc3 b4+ 62. Kb3 Rxd4 63. Ka4 Rd2 64. f4 gxf4 65. h4 Ne5 66.
Kb3 f3
0-1

[Event "Eliteserien 2017 - 18"]
[Site "Stavanger og Oslo"]
[Date "2017.11.03"]
[Round "1"]
[White "Salomon, Johan"]
[Black "Galchenko, Matvey"]
[Result "1/2-1/2"]
[WhiteElo "2476"]
[BlackElo "2340"]
[PlyCount "331"]
[EventDate "2017.??.??"]

1. d4 Nf6 2. c4 e6 3. Nc3 Bb4 4. Qc2 O-O 5. Nf3 Nc6 6. Bd2 d6 7. a3 Bxc3 8.
Bxc3 Qe7 9. e3 a5 10. b3 e5 11. d5 Nb8 12. Nd2 c6 13. dxc6 Nxc6 14. Bd3 Be6 15.
O-O h6 16. Qb2 Nd7 17. Rad1 f5 18. Rfe1 Rac8 19. Bf1 Bf7 20. Rc1 Rfe8 21. Qb1
e4 22. Ba1 Nce5 23. b4 axb4 24. axb4 Qg5 25. Bd4 b6 26. Qb2 Kh7 27. Rc3 Rc7 28.
Rec1 Rec8 29. R3c2 Bh5 30. Bxe5 dxe5 31. Qa3 Qe7 32. Rc3 Bf7 33. Qb2 Ra8 34.
Ra3 Rxa3 35. Qxa3 Be6 36. Nb1 Qd6 37. Qa4 Nf6 38. Rd1 Qc6 39. Qxc6 Rxc6 40. Na3
Bf7 41. Rd8 Rc7 42. Nb5 Rd7 43. Rxd7 Nxd7 44. Nd6 Kg6 45. g4 fxg4 46. Nxe4 Be6
47. Be2 Kf7 48. Kf1 Ke7 49. Ke1 Nf6 50. Nc3 Kd6 51. Bd3 g5 52. Kd2 h5 53. Na4
Kc7 54. c5 bxc5 55. Nxc5 Bf7 56. Ne4 Nxe4+ 57. Bxe4 Kb6 58. Kc3 Kb5 59. Bd3+
Kb6 60. Bc4 Bg6 61. Be6 Kb5 62. Bd7+ Kb6 63. Kc4 Bf7+ 64. Kd3 Bg6+ 65. Kc3 Bf7
66. Bf5 Kb5 67. Bh7 Be8 68. Bf5 Bf7 69. Bd7+ Kb6 70. Ba4 Bg6 71. Bb3 Kb5 72.
Be6 Be8 73. Bc4+ Kb6 74. Kb3 Bg6 75. Be2 Bf5 76. b5 Be6+ 77. Kb4 Bd7 78. Bd3
Be8 79. Bc4 Bg6 80. Be2 Be8 81. Bd3 Bd7 82. Bg6 h4 83. Kc4 Be6+ 84. Kd3 Ba2 85.
Be8 Bb1+ 86. Kc4 Ba2+ 87. Kb4 Be6 88. Bc6 Bf5 89. Kc4 Be6+ 90. Bd5 Bf5 91. Bf7
Bb1 92. Be8 Ba2+ 93. Kb4 Bb1 94. Bf7 Bd3 95. Be8 Bf1 96. Bd7 Be2 97. Kc3 Kc5
98. Kd2 Bf3 99. Kd3 Bd5 100. Bc6 Be6 101. Ke4 Kd6 102. Ba8 g3 103. fxg3 hxg3
104. hxg3 Bh3 105. Bc6 Be6 106. Be8 Bh3 107. b6 Ke6 108. Bh5 Bf5+ 109. Kf3 e4+
110. Ke2 Kd6 111. Be8 Bc8 112. Kd2 Kc5 113. Kc3 Kxb6 114. Kd4 Kc7 115. Ke5 Kd8
116. Bg6 Ke7 117. Bxe4 Bd7 118. Bf5 Ba4 119. Bg6 Bd7 120. Bf5 Be8 121. Be4 Bd7
122. Bg6 Be6 123. e4 Bd7 124. Bf5 Be8 125. Bg4 Bg6 126. Be2 Bh7 127. Bh5 Kd7
128. Bd1 Ke7 129. Bg4 Bg8 130. Bf5 Bf7 131. Bh7 Be6 132. Bg6 Bd7 133. Bf5 Be8
134. Bg4 Bg6 135. Kd4 Be8 136. e5 Bc6 137. Ke3 Bd5 138. Bf5 Bc6 139. Be4 Be8
140. Bd5 Bg6 141. Kd4 Bf5 142. Be4 Bd7 143. Bh7 Bc6 144. Bg8 Bg2 145. Kc5 Bh3
146. Bd5 Bd7 147. Kd4 Bf5 148. Ke3 Bh3 149. Kf3 Bf5 150. Bc4 Bc8 151. Ke3 Bf5
152. Kd4 Bc8 153. Bd3 Bh3 154. Bh7 Bg2 155. Bf5 Bc6 156. Bg4 Ba4 157. Bc8 Bc2
158. Kc5 Bb3 159. Bf5 Bf7 160. Kd4 Bb3 161. Ke3 Bd5 162. Bc8 Bb3 163. g4 Bd5
164. Kd4 Bb3 165. Bf5 Ba2 166. Be4
1/2-1/2

[Event "Eliteserien 2017 - 18"]
[Site "Stavanger og Oslo"]
[Date "2017.11.03"]
[Round "1"]
[White "Mikalsen, Erlend"]
[Black "Djurhuus, Rune"]
[Result "0-1"]
[WhiteElo "2297"]
[BlackElo "2421"]
[PlyCount "66"]
[EventDate "2017.??.??"]

1. e4 Nc6 2. d4 e5 3. d5 Nce7 4. g3 Nf6 5. Bg2 d6 6. Ne2 g6 7. O-O Bg7 8. Nbc3
O-O 9. h3 c6 10. f4 exf4 11. Bxf4 cxd5 12. Bg5 Nxe4 13. Bxe4 dxe4 14. Nd5 Re8
15. Nec3 Qd7 16. Nxe7+ Rxe7 17. Bxe7 Qxe7 18. Kh2 Qe6 19. Qg4 Qxg4 20. hxg4
Bxc3 21. bxc3 Bxg4 22. Rab1 b6 23. Rfe1 f5 24. Kg2 Rc8 25. Rb3 Kf7 26. Kf2 Ke6
27. Ke3 Ke5 28. a4 g5 29. Rf1 d5 30. a5 bxa5 31. Kd2 f4 32. gxf4+ gxf4 33. Rb7
e3+
0-1

[Event "Eliteserien 2017 - 18"]
[Site "Stavanger og Oslo"]
[Date "2017.11.03"]
[Round "1"]
[White "Haug, Johannes"]
[Black "Flermoen, Peter"]
[Result "1/2-1/2"]
[WhiteElo "2363"]
[BlackElo "2252"]
[PlyCount "98"]
[EventDate "2017.??.??"]

1. d4 Nf6 2. c4 g6 3. Nc3 d5 4. cxd5 Nxd5 5. e4 Nxc3 6. bxc3 Bg7 7. Nf3 c5 8.
Be3 O-O 9. Qd2 Bg4 10. Be2 Qa5 11. Rb1 Bxf3 12. gxf3 cxd4 13. cxd4 Qxd2+ 14.
Kxd2 Rd8 15. d5 e6 16. Rhc1 b6 17. Bc4 Nd7 18. Ke2 exd5 19. Bxd5 Rac8 20. a4
Kf8 21. a5 Rxc1 22. Rxc1 Be5 23. f4 Bb8 24. axb6 Nxb6 25. Bb3 Rc8 26. Rd1 Ke7
27. e5 f6 28. Bd4 Nd7 29. exf6+ Nxf6 30. Kf3 Nh5 31. Re1+ Kf8 32. Be3 Rc3 33.
Rb1 Bxf4 34. Bd5 Bxe3 35. fxe3 Nf6 36. Bb7 h5 37. h3 a5 38. Rb5 a4 39. Ra5 a3
40. Ra6 Kg7 41. Be4 Nxe4 42. Kxe4 Rc2 43. Kf4 a2 44. Kg3 g5 45. e4 Kf7 46. e5
Ke7 47. e6 Re2 48. Kf3 Rxe6 49. Rxa2 Kf6
1/2-1/2

[Event "Eliteserien 2017 - 18"]
[Site "Stavanger og Oslo"]
[Date "2017.11.03"]
[Round "1"]
[White "Nielsen, Andre"]
[Black "Tryggestad, Andreas G"]
[Result "1/2-1/2"]
[WhiteElo "2108"]
[BlackElo "2264"]
[PlyCount "110"]
[EventDate "2017.??.??"]

1. e4 g6 2. d4 Bg7 3. Nc3 c6 4. f4 d5 5. e5 Nh6 6. Nf3 Bg4 7. Be2 Nf5 8. O-O
Qb6 9. Na4 Qc7 10. c3 Nd7 11. e6 fxe6 12. Ng5 Bxe2 13. Qxe2 Qa5 14. Nxe6 Qxa4
15. Re1 Bf6 16. g4 Nd6 17. g5 Ne4 18. gxf6 Ndxf6 19. Nc7+ Kf7 20. Nxa8 Rxa8 21.
Be3 Qa5 22. Kh1 Qc7 23. Rg1 Qd7 24. Raf1 Nd6 25. b3 Qe6 26. Qf3 a5 27. Re1 a4
28. Bc1 Nfe4 29. c4 axb3 30. axb3 Ra2 31. Be3 Rb2 32. Rb1 Rc2 33. Rgc1 Ra2 34.
c5 Nf5 35. Ra1 Nfg3+ 36. hxg3 Qh3+ 37. Kg1 Qh2+ 38. Kf1 Nxg3+ 39. Ke1 Rg2 40.
Bf2 Ne4 41. Rc2 Nxf2 42. Rxf2 Qh1+ 43. Rf1 Qh4+ 44. Kd1 Rg3 45. Qe2 Qh3 46. Re1
e6 47. f5 e5 48. fxg6+ Kxg6 49. dxe5 Rg2 50. Qe3 Qg4+ 51. Kc1 Qf5 52. Re2 Qf1+
53. Re1 Qf5 54. Qc3 Qf4+ 55. Qe3 Qf5
1/2-1/2

[Event "Eliteserien 2017 - 18"]
[Site "Stavanger og Oslo"]
[Date "2017.11.03"]
[Round "1"]
[White "Christenson, Flemming"]
[Black "Greibrokk, Ingrid"]
[Result "1-0"]
[WhiteElo "2209"]
[BlackElo "1868"]
[PlyCount "79"]
[EventDate "2017.??.??"]

1. d4 d5 2. Bf4 Nf6 3. e3 e6 4. c3 Be7 5. Bd3 c5 6. Nd2 Nc6 7. Ngf3 b6 8. Ne5
Nxe5 9. dxe5 Nd7 10. Nf3 Bb7 11. h4 h6 12. h5 Qc7 13. O-O O-O-O 14. c4 dxc4 15.
Bxc4 Qc6 16. Qe2 g5 17. hxg6 fxg6 18. Bb5 Qe4 19. Bd3 Qc6 20. e4 Bg5 21. Bg3
Rdf8 22. Rfe1 Bf4 23. Bb5 Qc7 24. Bxd7+ Qxd7 25. Rad1 Qf7 26. Bxf4 Qxf4 27. Qc4
g5 28. Qxe6+ Kb8 29. Qd6+ Ka8 30. e6 Qxd6 31. Rxd6 Re8 32. Ne5 Rhg8 33. f3 Bc8
34. Nc4 Rxe6 35. Red1 Rge8 36. a3 Ba6 37. Ne3 Bc8 38. Kf2 Rxd6 39. Rxd6 Be6 40.
Nf5
1-0

[Event "Eliteserien 2017 - 18"]
[Site "Stavanger og Oslo"]
[Date "2017.11.03"]
[Round "1"]
[White "Gausel, Einar J"]
[Black "Devereaux, Maxim L"]
[Result "1/2-1/2"]
[WhiteElo "2479"]
[BlackElo "2374"]
[PlyCount "134"]
[EventDate "2017.??.??"]

1. Nf3 d5 2. c4 d4 3. g3 Nc6 4. Bg2 e5 5. O-O Nf6 6. d3 Bd6 7. Na3 O-O 8. Nc2
Re8 9. b3 a5 10. Bb2 Bc5 11. a3 h6 12. e3 Bf5 13. exd4 exd4 14. Qd2 Qd6 15.
Rfe1 Bh7 16. Rxe8+ Rxe8 17. Re1 Rd8 18. h3 Nd7 19. Re2 Rb8 20. Qd1 Ba7 21. b4
axb4 22. axb4 Nxb4 23. Nxb4 Qxb4 24. Nxd4 Nc5 25. Nb5 Bb6 26. Bc3 Qa4 27. Qe1
Qa8 28. d4 Nd3 29. Qd1 c6 30. Nd6 Qa3 31. Ne4 Bxe4 32. Bxe4 Qxc3 33. Bxd3 Qxd4
34. Qb1 Bc5 35. Kg2 b6 36. Re3 g6 37. Qa2 Qd7 38. Rf3 Re8 39. Qc2 Kg7 40. Qb1
Re6 41. Qa1+ Bd4 42. Qb1 Qe7 43. Qd1 Qc5 44. Qb1 Qa5 45. Qc1 Qa1 46. Qxa1 Bxa1
47. Bf1 Bd4 48. Rd3 Bc5 49. Rd7 Kf8 50. h4 Ke8 51. Rd2 Rf6 52. f4 h5 53. Be2
Ke7 54. Bf3 Rd6 55. Rxd6 Kxd6 56. f5 Be3 57. fxg6 fxg6 58. g4 hxg4 59. Bxg4 Kc5
60. Be2 Kd4 61. Kf3 Bd2 62. Kg4 Be1 63. h5 gxh5+ 64. Kxh5 Kc5 65. Kg4 b5 66.
cxb5 cxb5 67. Bxb5 Kxb5
1/2-1/2

[Event "Eliteserien 2017 - 18"]
[Site "Stavanger og Oslo"]
[Date "2017.11.03"]
[Round "1"]
[White "Andersen, Lars Even"]
[Black "Hauge, Lars Oskar"]
[Result "0-1"]
[WhiteElo "2302"]
[BlackElo "2439"]
[PlyCount "64"]
[EventDate "2017.??.??"]

1. d4 Nf6 2. c4 c5 3. Nf3 cxd4 4. Nxd4 e5 5. Nb5 d5 6. cxd5 Bb4+ 7. N1c3 O-O 8.
d6 Nc6 9. Bg5 Qa5 10. Bxf6 Qxb5 11. Bg5 Be6 12. g3 Nd4 13. Bg2 Bc4 14. Qd2 Qa5
15. Be7 Nxe2 16. a3 Nd4 17. Rd1 Bxd6 18. Bxd6 Rfd8 19. Bb4 Qc7 20. Ne4 a5 21.
Bc3 f5 22. Ng5 h6 23. Nh3 Qb6 24. Bxd4 exd4 25. Rc1 Re8+ 26. Kd1 Bb3+ 27. Rc2
d3 28. Qxd3 Rad8 29. Qxd8 Qxd8+ 30. Kc1 Bxc2 31. Kxc2 Re2+ 32. Kb3 Qb6+
0-1

[Event "Eliteserien 2017 - 18"]
[Site "Stavanger og Oslo"]
[Date "2017.11.03"]
[Round "1"]
[White "Persson, Mats"]
[Black "Børresen, Georg S."]
[Result "1-0"]
[WhiteElo "2312"]
[BlackElo "2253"]
[PlyCount "117"]
[EventDate "2017.??.??"]

1. e4 c5 2. Nf3 d6 3. Bb5+ Nc6 4. Bxc6+ bxc6 5. O-O e5 6. c3 f5 7. exf5 Bxf5 8.
d4 cxd4 9. cxd4 e4 10. Nfd2 Nf6 11. f3 Qb6 12. Nxe4 Be7 13. Ng3 Bxb1 14. Rxb1
O-O 15. Nf5 Nd5 16. Nxe7+ Nxe7 17. Be3 Nd5 18. Bf2 Rae8 19. Re1 h6 20. Qd2 Qd8
21. Bg3 Qd7 22. Rxe8 Rxe8 23. Re1 Rxe1+ 24. Qxe1 Kf7 25. a3 Qe6 26. Qd1 Nb6 27.
b3 Nd5 28. Qd3 Ke7 29. Kf2 Kd7 30. h3 Nc7 31. Bf4 Qd5 32. Be3 Ne6 33. Ke2 h5
34. a4 h4 35. Kd2 Kc7 36. Qc4 Qf5 37. Kc3 Kd7 38. d5 cxd5 39. Qb5+ Ke7 40. Bxa7
Qe5+ 41. Kc2 Nd4+ 42. Bxd4 Qxd4 43. Qe2+ Kd7 44. Kb1 Qc3 45. Qb5+ Ke6 46. Qe8+
Kf6 47. Qf8+ Ke6 48. Qg8+ Kd7 49. Qxd5 Qe1+ 50. Kc2 Qa1 51. Qb7+ Kd8 52. Qb8+
Kd7 53. Qb5+ Ke6 54. Qc4+ Kd7 55. Qc3 Qf1 56. Qxg7+ Kc6 57. Qc3+ Kb7 58. Qb4+
Ka7 59. Qa5+
1-0

[Event "Eliteserien 2017 - 18"]
[Site "Stavanger og Oslo"]
[Date "2017.11.03"]
[Round "1"]
[White "Berg, Johan"]
[Black "Elseth, Roar"]
[Result "0-1"]
[WhiteElo "2216"]
[BlackElo "2324"]
[PlyCount "136"]
[EventDate "2017.??.??"]

1. e4 e5 2. Nf3 Nc6 3. Bb5 a6 4. Ba4 Nf6 5. O-O Be7 6. Re1 b5 7. Bb3 d6 8. c3
O-O 9. h3 Nb8 10. a4 Bb7 11. d3 Nbd7 12. a5 c5 13. Nbd2 Qc7 14. Qe2 Rae8 15.
Nf1 Nb8 16. Bd2 Nc6 17. c4 b4 18. Ba4 Bc8 19. Ng3 Bd7 20. Bxc6 Qxc6 21. Nh2 Qc8
22. b3 h6 23. Rf1 Nh7 24. f4 exf4 25. Bxf4 Ng5 26. Qh5 Kh7 27. Bxg5 Bxg5 28.
Rxf7 Rxf7 29. Qxf7 Rf8 30. Qh5 Qd8 31. Nf3 Be3+ 32. Kh1 Be6 33. Nh4 Rf6 34. Rf1
Bg5 35. Nf3 Bf4 36. Nf5 Qf8 37. Qg4 Be5 38. Nxe5 dxe5 39. Qe2 Qd8 40. Qb2 Qxd3
41. Qb1 Qxb1 42. Rxb1 Bxf5 43. exf5 Rxf5 44. Re1 Kg6 45. g4 Rf3 46. Kg2 Rxb3
47. Rxe5 Ra3 48. Rxc5 Kh7 49. Rc6 Rxa5 50. Rb6 Ra2+ 51. Kg3 a5 52. h4 Rc2 53.
Rb5 Rc3+ 54. Kh2 Rxc4 55. Rxa5 Rxg4 56. Kh3 Rg1 57. Rb5 Rb1 58. h5 b3 59. Rb8
g5 60. hxg6+ Kxg6 61. Rb6+ Kg5 62. Rb8 Kf4 63. Kg2 Ke3 64. Rh8 Kd3 65. Rxh6 Rc1
66. Rd6+ Kc3 67. Rc6+ Kb2 68. Rb6 Rc4
0-1

[Event "Eliteserien 2017 - 18"]
[Site "Stavanger og Oslo"]
[Date "2017.11.03"]
[Round "1"]
[White "Al-Tarbosh, Ward"]
[Black "Flaata, Alexander R."]
[Result "1/2-1/2"]
[WhiteElo "2266"]
[BlackElo "2103"]
[PlyCount "134"]
[EventDate "2017.??.??"]

1. e4 d6 2. d4 Nf6 3. Bd3 e5 4. Nf3 Nbd7 5. O-O Be7 6. c3 c6 7. b3 Qc7 8. Bb2
Nf8 9. c4 Ng6 10. c5 Bg4 11. cxd6 Bxd6 12. Nbd2 O-O 13. h3 Bxf3 14. Nxf3 Rfe8
15. Re1 Rad8 16. Qc2 exd4 17. Bxd4 Ne5 18. Bxe5 Bxe5 19. Rad1 h6 20. Bc4 Rxd1
21. Rxd1 Nxe4 22. Re1 Nf6 23. g3 Bd6 24. Rxe8+ Nxe8 25. Nd4 Qd7 26. Nf5 Bf8 27.
Kg2 Nf6 28. Be2 Nd5 29. Bg4 Qe8 30. Bf3 Qe5 31. Nh4 Bd6 32. Nf5 Bf8 33. Nh4 g6
34. Be4 Nb4 35. Qb1 f5 36. Bf3 Kh7 37. a3 Nd5 38. b4 Be7 39. Bxd5 Qxd5+ 40. Nf3
Bf6 41. Qc2 Kg7 42. Qe2 Kf7 43. Kh2 b6 44. Nd2 b5 45. Nf3 g5 46. Qe3 a6 47. Nd2
Bd4 48. Qe2 Bc3 49. Nf1 Bd4 50. Nd2 Qe6 51. Qf3 Kg6 52. Nb3 Bxf2 53. Na5 Bd4
54. Nxc6 Qa2+ 55. Qg2 Qxg2+ 56. Kxg2 Bb2 57. Nb8 Bxa3 58. Nxa6 Kf6 59. Nc7 Bxb4
60. Nd5+ Ke5 61. Nxb4 Kd4 62. Nc2+ Kc3 63. Ne3 b4 64. Nxf5 b3 65. Ne3 Kd3 66.
Nd1 Kc2 67. Ne3+ Kd3
1/2-1/2

[Event "Eliteserien 2017 - 18"]
[Site "Stavanger og Oslo"]
[Date "2017.11.03"]
[Round "1"]
[White "Myrstad, Odd M.T."]
[Black "Moen, Ole Christian"]
[Result "1/2-1/2"]
[WhiteElo "2060"]
[BlackElo "2178"]
[PlyCount "29"]
[EventDate "2017.??.??"]

1. e4 e5 2. Nf3 Nc6 3. Bb5 Nge7 4. Nc3 d6 5. d4 a6 6. Bxc6+ Nxc6 7. dxe5 Nxe5
8. Nxe5 dxe5 9. Qxd8+ Kxd8 10. Be3 Bd6 11. O-O-O Be6 12. Bc5 Ke7 13. Nd5+ Bxd5
14. Rxd5 Ke6 15. Bxd6
1/2-1/2